Son of a gun : a memoir / Justin St. Germain.
Available copies
- 1 of 1 copy available at LARL/NWRL Consortium. (Show)
- 1 of 1 copy available at Lake Agassiz Regional Library.
Current holds
0 current holds with 1 total copy.
Show Only Available Copies
| Location | Call Number / Copy Notes | Barcode | Shelving Location | Status | Due Date |
|---|---|---|---|---|---|
| Fertile Public Library | 921 STG (Text) | 33500011033172 | Main | Available | - |
Record details
- ISBN: 9781400068623 (hbk.)
- ISBN: 1400068622 (hbk.)
- Physical Description: viii, 242 p. ; 22 cm.
- Edition: 1st ed.
- Publisher: New York : Random House, c2013.
Content descriptions
| Bibliography, etc. Note: | Includes bibliographical references. |
| Summary, etc.: | Recounts the murder of the author's mother in ... Read More |
Search for related items by subject
| LDR | 01909cam a2200457 a 4500 | ||
|---|---|---|---|
| 001 | 155207 | ||
| 003 | LARL_NWRL_CONSORTIUM | ||
| 005 | 20130821171653.0 | ||
| 008 | 120601s2013 nyu b 000 0aeng | ||
| 010 | . | ‡a2012020280 | |
| 019 | . | ‡a855372420 | |
| 020 | . | ‡a9781400068623 (hbk.) | |
| 020 | . | ‡a1400068622 (hbk.) | |
| 020 | . | ‡z9780345538741 (ebk.) | |
| 020 | . | ‡z0345538749 (ebk.) | |
| 035 | . | ‡a(OCoLC)794838397 ‡z(OCoLC)855372420 | |
| 040 | . | ‡aDLC ‡beng ‡cDLC ‡dIG# ‡dBTCTA ‡dBDX ‡dGK8 ‡dMLY ‡dYDXCP ‡dCZA ‡dJAO | |
| 043 | . | ‡an-us-az | |
| 050 | 0 | 0. | ‡aHV6534.T58 ‡bS84 2013 |
| 082 | 0 | 0. | ‡a364.152/3092 ‡223 |
| 100 | 1 | . | ‡aSt. Germain, Justin. |
| 245 | 1 | 0. | ‡aSon of a gun : ‡ba memoir / ‡cJustin St. Germain. |
| 250 | . | ‡a1st ed. | |
| 260 | . | ‡aNew York : ‡bRandom House, ‡cc2013. | |
| 300 | . | ‡aviii, 242 p. ; ‡c22 cm. | |
| 504 | . | ‡aIncludes bibliographical references. | |
| 520 | . | ‡aRecounts the murder of the author's mother in September 2001 and explores the crime against a backdrop of a shattering national tragedy and the author's efforts to distance himself from the legendary Tombstone, Arizona, of his youth. | |
| 600 | 1 | 0. | ‡aSt. Germain, Justin. |
| 600 | 1 | 0. | ‡aSt. Germain, Justin ‡xFamily. |
| 600 | 1 | 0. | ‡aSt. Germain, Debbie, ‡d-2001 ‡xDeath and burial. |
| 650 | 0. | ‡aMurder ‡zArizona ‡zTombstone. | |
| 650 | 0. | ‡aMothers ‡xCrimes against ‡zArizona ‡zTombstone. | |
| 650 | 0. | ‡aMothers and sons ‡zArizona ‡zTombstone ‡vBiography. | |
| 650 | 0. | ‡aChildren of abused wives ‡zArizona ‡zTombstone ‡vBiography. | |
| 651 | 0. | ‡aTombstone (Ariz.) ‡vBiography. | |
| 948 | . | ‡hHELD BY LAL - 220 OTHER HOLDINGS | |
| 994 | . | ‡aZ0 ‡bLAL | |
| 901 | . | ‡a155207 ‡bOCLC ‡c155207 ‡tbiblio | |

Add to basket
Permalink
Disable Highlighting